Score 0/47 Timer 08:00
15 Plays Today
Companion % Correct
Rose Tyler
94.5%
Martha Jones
87.3%
Donna Noble
86.1%
Sarah Jane Smith
82.5%
Bill Potts
78.4%
Captain Jack Harkness
77.5%
Mickey Smith
73.3%
Amelia Pond
68.7%
River Song
67.8%
Rory Williams
66.1%
Clara Oswald
65.4%
Graham O'Brien
64.2%
Susan Foreman
59.4%
Ryan Sinclair
59.1%
Nardole
58.3%
Yasmin Khan
57.9%
K-9
54.1%
Jo Grant
52.8%
Ace
52.4%
Ian Chesterton
48.8%
Barbara Wright
48%
Adam Mitchell
47.3%
Romana (I and II)
46.7%
Jamie McCrimmon
45%
Companion % Correct
Adric
44.1%
Tegan Jovanka
43.8%
Leela
42.6%
Perpugilliam Brown
42.2%
Brigadier Sir Alistair Gordon Lethbridge-Stewart
41%
Nyssa of Traken
38.5%
Melanie Bush
38.1%
Dr. Grace Holloway
38%
Ben Jackson
37.6%
Polly
37.1%
Harry Sullivan
36.8%
Liz Shaw
36.2%
Victoria Waterfield
36%
Zoe Heriot
36%
Vicki
34%
Dodo Chaplet
33.7%
Vislor Turlough
32.9%
Steven Taylor
32.5%
Kamelion
29.8%
Captain Mike Yates
28.1%
Sergeant John Benton
28%
Katarina
26.5%
Sara Kingdom
26.3%
Come Together.
Have Fun.
All Virtual.
We all need to come together. Play Sporcle's virtual live trivia to have fun, connect with people, and get your trivia on. Join a live hosted trivia game for your favorite pub trivia experience done virtually. If a virtual private party is more your thing, go here for details.

You're not logged in!

Compare scores with friends on all Sporcle quizzes.
OR
Log In

Sporcle TV

Today on Sporcle TV


Watch our educational content, quiz creation guides, and fun videos on Sporcle TV.

Show Comments

Extras

Top Quizzes Today


Score Distribution

Paid Content

Your Account Isn't Verified!

In order to create a playlist on Sporcle, you need to verify the email address you used during registration. Go to your Sporcle Settings to finish the process.

Report this User

Report this user for behavior that violates our Community Guidelines.

Details: